000 00586nam a2200193Ia 4500
003 GCL
005 20240530104030.0
008 140319s9999 xx 000 0 ara d
040 _aGCL /
_cGCL
082 0 4 _a332.404
_bق/ع ع
100 1 _aعبدالقادر حسن على
245 1 0 _aالعملة من بدء تطورها الى عهد الاشتراكية /
_cعبدالقادر حسن على
250 _aط 2
300 _a388 ؛
_c24 سم
650 0 4 _aالنقود
650 0 4 _aالنقود المعدنية
650 0 4 _aالنقود الورقية
942 _2ddc
_cBK
999 _c44221
_d44221